[Event "KEN-ch"]
[Site "Nairobi"]
[Date "2021.12.27"]
[Round "4"]
[White "Gohil, Mehul"]
[Black "Shafat, Abdi Nasir Mohamed"]
[Result "1-0"]
[WhiteElo "2014"]
[BlackElo "1804"]
[PlyCount "49"]
[EventDate "2021.12.26"]
[EventType "swiss"]
[EventRounds "9"]
[EventCountry "KEN"]
[SourceTitle "EXT 2023"]
[Source "ChessBase"]
[SourceDate "2022.10.05"]
[SourceVersion "1"]
[SourceVersionDate "2022.10.05"]
[SourceQuality "1"]

1. d4 g6 2. Nf3 Bg7 3. c4 Nf6 4. Nc3 d5 5. e3 0-0 6. Qb3 dxc4 7. Bxc4 e6 8. 0-0 b6 9. Rd1 Nc6 10. Qc2 Bb7 11. a3 Ne7 12. e4 a6 13. b4 Rc8 14. Bb2 Qe8 15. Qe2 Ra8 16. Rac1 Qc8 17. Ba2 Re8 18. h3 Bc6 19. Ne5 Bb7 20. Rc2 Nd7 21. Nxf7 Kxf7 22. Bxe6+ Kxe6 23. Qc4+ Kf6 24. e5+ Kg5 25. Bc1+ 1-0

[Event "KEN-ch"]
[Site "Nairobi"]
[Date "2021.12.26"]
[Round "2"]
[White "Kisindai, Paul Wangwe"]
[Black "Shafat, Abdi Nasir Mohamed"]
[Result "0-1"]
[WhiteElo "1570"]
[BlackElo "1804"]
[PlyCount "96"]
[EventDate "2021.12.26"]
[EventType "swiss"]
[EventRounds "9"]
[EventCountry "KEN"]
[SourceTitle "EXT 2023"]
[Source "ChessBase"]
[SourceDate "2022.10.05"]
[SourceVersion "1"]
[SourceVersionDate "2022.10.05"]
[SourceQuality "1"]

1. e4 g6 2. d4 Bg7 3. Nf3 d6 4. Be2 Nf6 5. Nc3 0-0 6. 0-0 h6 7. h3 Nbd7 8. Be3 b6 9. Qd2 Kh7 10. Rad1 Bb7 11. Bd3 a6 12. Rfe1 e5 13. d5 Ng8 14. Nh2 f5 15. f4 exf4 16. Bxf4 fxe4 17. Bxe4 Qh4 18. Rf1 Nc5 19. g3 Bxc3 20. Qxc3 Nxe4 21. gxh4 Nxc3 22. bxc3 Rae8 23. Rd2 Re4 24. Rd4 Rxd4 25. cxd4 Bxd5 26. a3 Ne7 27. Be3 Nf5 28. Ng4 h5 29. Nh6 Nxe3 30. Rxf8 Kxh6 31. c3 Nd1 32. Rc8 c6 33. c4 Be4 34. Ra8 b5 35. c5 dxc5 36. dxc5 Nc3 37. Rxa6 Na4 38. Rxa4 bxa4 39. Kf2 Bd3 40. Ke3 Bf1 41. Kf4 Kg7 42. Ke5 Kf7 43. Kd6 Bb5 44. Ke5 Ke7 45. Ke4 Ke6 46. Kd4 Bf1 47. Kc3 Kd5 48. Kb4 Bb5 0-1

[Event "KEN-chT"]
[Site "Nairobi"]
[Date "2019.11.08"]
[Round "26.1"]
[White "Kagambi, Lawrence"]
[Black "Shafat, Abdi Nasir Mohamed"]
[Result "1/2-1/2"]
[WhiteElo "1793"]
[BlackElo "1831"]
[PlyCount "136"]
[EventDate "2019.02.09"]
[EventType "team-tourn"]
[EventRounds "27"]
[EventCountry "KEN"]
[SourceTitle "CBM 192 Extra"]
[Source "Chessbase"]
[SourceDate "2019.11.06"]
[SourceVersion "1"]
[SourceVersionDate "2019.11.06"]
[SourceQuality "1"]
[WhiteTeam "Nairobi Gymkhana"]
[BlackTeam "Nairobi CA"]
[WhiteTeamCountry "KEN"]
[BlackTeamCountry "KEN"]

1. e4 g6 2. d4 Bg7 3. Nc3 d6 4. Nf3 Nf6 5. Be2 0-0 6. Bg5 Nbd7 7. Qd2 Re8 8. 0-0-0 a6 9. e5 dxe5 10. dxe5 Ng4 11. Bc4 Ngxe5 12. Nxe5 Bxe5 13. Rhe1 Bd6 14. Qd5 Rf8 15. Bh6 Nf6 16. Qd2 Re8 17. h3 b5 18. Bd5 Nxd5 19. Qxd5 Rb8 20. Ne4 Bb7 21. Qd4 e5 22. Qd2 Bxe4 23. Rxe4 Qf6 24. Bg5 Qe6 25. Kb1 a5 26. h4 a4 27. h5 f6 28. Be3 g5 29. g4 b4 30. Qe2 b3 31. cxb3 axb3 32. a3 Ra8 33. Qc4 Kf7 34. Bc5 Qxc4 35. Rxc4 Ke6 36. Bxd6 cxd6 37. Rd3 Rab8 38. Rcc3 e4 39. Re3 Ke5 40. Kc1 d5 41. Rxb3 d4 42. Rxb8 Rxb8 43. Re2 Kf4 44. b4 Kf3 45. Kd1 Rc8 46. Rb2 d3 47. b5 Rc2 48. Rxc2 dxc2+ 49. Kxc2 Kxf2 50. b6 e3 51. b7 e2 52. b8Q e1Q 53. Qb4 Qe6 54. Qd4+ Kg3 55. a4 f5 56. gxf5 Qxf5+ 57. Qd3+ Qf3 58. a5 g4 59. a6 Kh2 60. Qxf3 gxf3 61. a7 f2 62. a8Q f1Q 63. Qb8+ Kh3 64. Qe8 Qf5+ 65. Kd2 Kh4 66. Ke2 h6 67. Qg6 Qxh5+ 68. Qxh5+ Kxh5 1/2-1/2

[Event "KEN-chT"]
[Site "Nairobi"]
[Date "2019.05.18"]
[Round "13.1"]
[White "Shafat, Abdi Nasir Mohamed"]
[Black "Kamau Kanegeni, Matthew"]
[Result "0-1"]
[WhiteElo "1831"]
[BlackElo "2145"]
[PlyCount "84"]
[EventDate "2019.02.09"]
[EventType "team-tourn"]
[EventRounds "27"]
[EventCountry "KEN"]
[SourceTitle "CBM 192 Extra"]
[Source "Chessbase"]
[SourceDate "2019.11.06"]
[SourceVersion "1"]
[SourceVersionDate "2019.11.06"]
[SourceQuality "1"]
[WhiteTeam "Nairobi CA"]
[BlackTeam "Equity"]
[WhiteTeamCountry "KEN"]
[BlackTeamCountry "KEN"]

1. d4 Nf6 2. c4 g6 3. Nc3 d5 4. cxd5 Nxd5 5. Nf3 Bg7 6. g3 0-0 7. Bg2 c6 8. 0-0 Na6 9. h3 h6 10. e4 Nb6 11. a4 Be6 12. a5 Nc4 13. Qa4 Nd6 14. e5 Ne8 15. Be3 Nec7 16. Bd2 Qd7 17. Kh2 b5 18. axb6 axb6 19. Qd1 Bc4 20. Re1 Nd5 21. Ne4 Kh7 22. h4 Nac7 23. h5 Rxa1 24. Qxa1 Qg4 25. hxg6+ fxg6 26. Nh4 Qh5 27. Qb1 Ne6 28. Bc3 Rf4 29. Kg1 Rxh4 30. gxh4 Ndf4 31. Qd1 Qxh4 32. Qf3 g5 33. Bf1 Bd5 34. Qg3 Qh5 35. f3 Qg6 36. Kf2 h5 37. Ba6 b5 38. Ke3 Bh6 39. Rg1 g4 40. Kf2 Bxe4 41. fxe4 Qxe4 42. Rf1 Nh3+ 0-1